000 00517nam a22001577a 4500
003 NUST
038 _aNusrat Nadeem
082 _a200
100 _aAfridi, Faryal Alam
_9130657
245 _aEffect of Sehat Sahulat Program on Health Seeking Behaviour in Khyber Pakhtunkhwa/
_cFaryal Alam Afridi,
264 _aIslamabad:
_bS3H NUST.
_c2025.
650 _aMS-Economics
_9123068
700 _aSupervisor: Dr. Wajiha Haq
_9114415
856 _u http://10.250.8.41:8080/xmlui/handle/123456789/54945
942 _2ddc
_cSC
999 _c614835
_d614835